TRUYỀN THUYẾT DÂN GIAN NGƯỜI VIỆT : Quyen 4 /
Đã lưu trong:
| Príomhúdar: | |
|---|---|
| Formáid: | Leabhar |
| Teanga: | Vietnamese |
| Foilsithe: |
KHXH,
2009.
|
| Ábhair: | |
| Clibeanna: |
Cuir Clib Leis
Gan Chlibeanna, Bí ar an gcéad duine leis an taifead seo a chlibeáil!
|
| Thư viện lưu trữ: | Mạng thư viện Đại học Đà Nẵng |
|---|
| LEADER | 00780nam a22002771a 4500 | ||
|---|---|---|---|
| 001 | 000033855 | ||
| 003 | 10047 | ||
| 005 | 20220707150741.0 | ||
| 008 | 151027s2009 vm 000 vie | ||
| 041 | |a vie | ||
| 082 | |a 398.9 |b KI-H | ||
| 100 | |a KIỀU THU HOẠCH | ||
| 245 | 0 | |a TRUYỀN THUYẾT DÂN GIAN NGƯỜI VIỆT : |b Quyen 4 / |c Kiều Thu Hoạch. | |
| 260 | |a KHXH, |c 2009. | ||
| 650 | |a TRUYỀN THUYẾT DÂN GIAN NGƯỜI VIỆT | ||
| 852 | |b Chuyên đề |c Ngôn ngữ tiếng Việt 1 | ||
| OWN | |a LNN | ||
| 999 | |a From the UDN01 | ||
| TYP | |a Monograph | ||
| TYP | |a Printed language | ||
| 980 | |a Mạng thư viện Đại học Đà Nẵng | ||